000 01284cam a22002651i 4500
003 SA-RiAUC
005 20260315140945.0
008 260315s1911 ua g 000r0dara c
040 _aSA-JeALM
_bara
_cSA-RiAUC
_erda
050 4 _b.I26 1911
082 0 4 _a922.584
_qSA-RiAUC
090 _aم ن 922.584
_bا ب ن ن
100 1 _aابن ناصر الدين، محمد بن عبد الله بن محمد،
_d777-842 هجري
_eمؤلف.
245 1 2 _aالرد الوافر على من زعم أن من سمى ابن تيمية شيخ الإسلام كافر /
_cلأبي عبد الله شمس الدين محمد بن أبي بكر بن ناصر الدين الشافعي.
246 3 0 _aزعم أن من سمى ابن تيمية شيخ الإسلام كافر
264 3 _aالقاهرة. مصر :
_bمطبعة كردستان العلمية
_c[ 1911 ]
300 _a136 صفحة ؛
_c29 سم
336 _aنص
_btxt
_2rdacontent
_3كتاب
337 _aبدون وسيط
_bn
_2rdamedia
600 1 7 _aابن تيمية، أحمد بن عبد الحليم بن عبد السلام،
_d661-728 هجري
_2aucnm
650 7 _aالإسلام
_xدفع مطاعن
_2aucsh
653 _aالنوادر
942 _2ddc
_cRBOOK COPY
_n0
949 _aSA-JeALM
_d260315
_uosman123
_n1
999 _c14605
_d14605